El papel de las masas populares en el desarrollo de la sociedad socialista en la RDA : (Record no. 43482)
[ view plain ]
| 000 -CABECERA | |
|---|---|
| campo de control de longitud fija | 00725nam a2200193 a 4500 |
| 005 - FECHA Y HORA DE LA ÚLTIMA TRANSACCIÓN | |
| campo de control | 20210223122904.0 |
| 008 - ELEMENTOS DE LONGITUD FIJA--INFORMACIÓN GENERAL | |
| campo de control de longitud fija | 991125s1977 ea 000 0 spa u |
| 035 ## - NÚMERO DE CONTROL DEL SISTEMA | |
| Número de control de sistema | UPN01000043482 |
| 049 ## - COLECCIÓN | |
| Colección | CG |
| 050 #4 - SIGNATURA TOPOGRÁFICA DE LA BIBLIOTECA DEL CONGRESO | |
| Número de clasificación | HX277 |
| Número de documento/Ítem | B4.68 |
| 100 1# - ASIENTO PRINCIPAL--NOMBRE PERSONAL | |
| Nombre de persona | Berthold, Lothar |
| 245 13 - MENCIÓN DE TÍTULO | |
| Título | El papel de las masas populares en el desarrollo de la sociedad socialista en la RDA : |
| Resto del título | experiencias, resultados, perspectivas / |
| Mención de responsabilidad, etc. | Lothar Berthold. |
| 260 ## - PUBLICACIÓN, DISTRIBUCIÓN, ETC. | |
| Lugar de publicación, distribución, etc. | Dresden, R.D.A. : |
| Nombre del editor, distribuidor, etc. | Panorama DDR, |
| Fecha de publicación, distribución, etc. | 1977. |
| 300 ## - DESCRIPCIÓN FÍSICA | |
| Extensión | 79 p. : |
| Otras características físicas | retrs. |
| 650 #4 - ASIENTO SECUNDARIO DE MATERIA - TERMINO TEMATICO | |
| Término de materia o nombre geográfico como elemento de entrada | COMUNISMO - |
| Subdivisión geográfica | ALEMANIA (REPUBLICA DEMOCRATICA, 1949-1990) |
| 9 (RLIN) | 10258 |
| 650 #4 - ASIENTO SECUNDARIO DE MATERIA - TERMINO TEMATICO | |
| Término de materia o nombre geográfico como elemento de entrada | DERECHO CIVIL - |
| Subdivisión geográfica | ALEMANIA (REPUBLICA DEMOCRATICA, 1949-1990) |
| 9 (RLIN) | 13269 |
| 650 #4 - ASIENTO SECUNDARIO DE MATERIA - TERMINO TEMATICO | |
| Término de materia o nombre geográfico como elemento de entrada | SOCIALISMO EN ALEMANIA |
| 905 ## - TIPO DE MATERIAL | |
| Tipo de material | Libro |
| Estado de retiro | Estado de pérdida | Fuente del sistema de clasificación o colocación | Estado dañado | No para préstamo | Código de colección | Localización permanente | Ubicación/localización actual | Ubicación en estantería | Total de préstamos | Clasificación | Código de barras | Fecha visto por última vez | Número de copia | Tipo de ítem Koha |
|---|---|---|---|---|---|---|---|---|---|---|---|---|---|---|
| Library of Congress Classification | Colección General | Bib. Gregorio Torres Quintero | Bib. Gregorio Torres Quintero | Planta baja | 3 | HX277 B4.68 | 3165 | 31/12/2020 | 1 | Libro |
